| 000 | 01486nam a22002537a 4500 | ||
|---|---|---|---|
| 005 | 20240305165546.0 | ||
| 007 | cr|||| |||| | ||
| 008 | 200528s2020 mx |||||s|||| 00||0 spa d | ||
| 020 | _a978-607-541-199-6 | ||
| 035 | _a31530 | ||
| 040 | _avLex | ||
| 090 |
_c10441 _d10441 |
||
| 100 | 1 | _aSánchez Miranda, Arnulfo | |
| 245 | 1 | 0 |
_aAplicación practica del ISR personas físicas 2020 _h[Recurso electrónico] / _cArnulfo Sánchez Miranda |
| 256 | _aServicio en línea | ||
| 260 |
_aCiudad de México: _bEdiciones Fiscales ISEF, _c2020 |
||
| 300 | _a1 recurso electrónico | ||
| 500 | _aEsta obra, ESTUDIO PRÁCTICO DEL ISR PARA PERSONAS FÍSICAS está dirigida a todos aquellos que desean aplicar estrategias en el escenario tributario. Con ella tendrás las herramientas básicas para orientar de forma correcta el pago del tributo. Es una obra de consulta obligatoria en las universidades públicas y privadas por su enriquecido marco conceptual, práctico, numérico y de actualidad. | ||
| 506 | 1 |
_aDisponible solo en los productos indicados _dvLex Global _dvLex Global (Academic Edition, excluding Law Schools) _dvLex Global (U.S. Academic Edition, Law Schools) _dvLex Global (U.S. Academic Edition, excluding Law Schools) _dvLex Global (Academic Edition, Law Schools) |
|
| 650 | 0 | 4 |
_aDerecho Fiscal _zMéxico |
| 740 | 0 | _avLex Libros (Servicio en línea) | |
| 856 | 4 | 0 | _uhttps://app.vlex.com/#/sources/aplicacion-practica-del-isr-personas-fisicas-2020-31530 |
| 942 | _cRAA | ||
| 999 |
_c168677 _d168677 |
||